Statistics for Guess the merged country flags

Click here to take the quiz!

General Stats

  • This quiz has been taken 24 times
  • The average score is 5 of 8

Answer Stats

Answer% Correct
Croatia + Luxembourg + South Africa
81%
Ireland + Mexico + Mongolia
81%
Canada + Nigeria + Zambia
76%
Brazil + Kyrgyzstan + South Korea
71%
China + Denmark + Kiribati
67%
Bhutan + Jamaica + United Kingdom
62%
Georgia + Malta + Panama
48%
Finland + Norway + Sweden
19%

Score Distribution

Percentile by Number Answered

Percent of People with Each Score

Your Score History

You have not taken this quiz